Vector mechanics for engineers : statics (Record no. 4551)
[ view plain ]
| 000 -LEADER | |
|---|---|
| fixed length control field | 00899 a2200241 4500 |
| 020 ## - INTERNATIONAL STANDARD BOOK NUMBER | |
| International Standard Book Number | 0075600765 |
| 040 ## - CATALOGING SOURCE | |
| Original cataloging agency | DLC |
| Language of cataloging | DLC |
| 082 04 - DEWEY DECIMAL CLASSIFICATION NUMBER | |
| Classification number | 620.105 |
| 100 1# - MAIN ENTRY--PERSONAL NAME | |
| Personal name | Beer, Ferdinand P., |
| 245 10 - TITLE STATEMENT | |
| Title | Vector mechanics for engineers : statics |
| Remainder of title | statics |
| Statement of responsibility, etc. | Ferdinand P. Beer, E. Russell Johnston ; with the collaboration of Elliot R. Eisenberg ; SI metric adaptation by Theodore Wildi. |
| 250 ## - EDITION STATEMENT | |
| Edition statement | 3rd SI metric ed. |
| 260 ## - PUBLICATION, DISTRIBUTION, ETC. | |
| Place of publication, distribution, etc. | Toronto : |
| Name of publisher, distributor, etc. | McGraw-Hill Ryerson, |
| Date of publication, distribution, etc. | c1998. |
| 300 ## - PHYSICAL DESCRIPTION | |
| Extent | xviii, 601 p. : |
| Other physical details | col. ill., col. ports. ; |
| Dimensions | 26 cm. + |
| Extent | 2 computer disks (3 1/2 in.) |
| 500 ## - GENERAL NOTE | |
| General note | Includes index. |
| 650 #0 - SUBJECT ADDED ENTRY--TOPICAL TERM | |
| Topical term or geographic name entry element | Vector analysis. |
| 650 #0 - SUBJECT ADDED ENTRY--TOPICAL TERM | |
| Topical term or geographic name entry element | Mechanics, Applied. |
| 650 #0 - SUBJECT ADDED ENTRY--TOPICAL TERM | |
| Topical term or geographic name entry element | Statics. |
| 650 #0 - SUBJECT ADDED ENTRY--TOPICAL TERM | |
| Topical term or geographic name entry element | Mechanics, Applied |
| General subdivision | Problems, exercises, etc. |
| 700 1# - ADDED ENTRY--PERSONAL NAME | |
| Personal name | Johnston, E. Russell |
| Dates associated with a name | 1925- |
| 700 1# - ADDED ENTRY--PERSONAL NAME | |
| Personal name | Eisenberg, Elliot R. |
| 700 1# - ADDED ENTRY--PERSONAL NAME | |
| Personal name | Wildi, Th�odore, |
| Dates associated with a name | 1922- |
| 942 ## - ADDED ENTRY ELEMENTS (KOHA) | |
| Koha item type | Book |
| Call number prefix | 620.105 BEE |
| Source of classification or shelving scheme | |
| Withdrawn status | Lost status | Damaged status | Not for loan | Collection code | Permanent Location | Current Location | Shelving location | Date acquired | Source of acquisition | Cost, normal purchase price | Total Checkouts | Full call number | Barcode | Date last seen | Date last checked out | Price effective from | Koha item type |
|---|---|---|---|---|---|---|---|---|---|---|---|---|---|---|---|---|---|
| Central Library (CL) | Central Library (CL) | General Stacks | 04/08/2006 | Multi-Line Books | 1601.71 | 1 | 620.105 BEE | SEECS007234 | 07/02/2021 | 03/02/2021 | 01/05/2017 | Book | |||||
| Central Library (CL) | Central Library (CL) | General Stacks | 03/01/2006 | Pak Book Corporation | 1152.33 | 2 | 620.105 BEE | SEECS007019 | 12/01/2024 | 10/13/2022 | 01/05/2017 | Book |
